| 000 | 00816nam a2200217 i 4500 | ||
|---|---|---|---|
| 001 | 17478 | ||
| 003 | ES-MaACL | ||
| 005 | 20250812050044.0 | ||
| 007 | t| | ||
| 008 | 010313s2000 sp ||||1| spa d | ||
| 020 | _a84-7359-509-2 | ||
| 080 | _a7(460.21)(063) | ||
| 245 | 0 | 0 | _aAspectos menos conocidos del arte riojano (1997-1999). |
| 260 |
_aLogroño : _bAteneo Riojano, _c2000. |
||
| 300 |
_a247 p. : _bil. ; _c24 cm. |
||
| 500 | _aEstudios pertenecientes a los ciclos anuales "Aspectos menos conocidos del arte riojano", organizados por el Ateneo Riojano y correspondientes a los año 1997, 1998 y 1999. | ||
| 650 | 1 | 4 |
_aArte- _zLa Rioja (Comunidad Autónoma)- _vCongresos y asambleas _910113 |
| 710 | 2 |
_aAteneo Riojano. _92059 |
|
| 852 |
_aES-MaACL _jL-24293 _bR.129436 |
||
| 999 |
_c17478 _d17478 |
||